000 00873 a2200205 4500
001 54328
005 20260407155815.0
008 260407a1971 arg spa d
003 AR-UNSa-BCEJYS
040 _aAR-UNSa-BCEJYS
_bspa
_cAR-UNSa-BCEJYS
080 _a330
_xEconomía en general
245 1 0 _aEconomía
264 1 _aBuenos Aires :
_bEDIAR
_c1971
300 _a343 p.
_c22 cm.
505 _a1. Introducción a la economía - 2. Las necesidades.Los bienes: Utilidad.Riqueza - 3. El valor - 4. La producción - 5. El capital. El interés - 6. El trabajo - 7. La circulación y el consumo - 8. Política económica.La economía planificada - 9. Moneda - 10. Precio, oferta y demanda - 11. Bancos.Crédito - 12. Cambio internacional - 13. El desarrollo
041 _aspa
942 _cBK
590 _aniveau_biblio:m niveau_hierar:0
100 1 _aFrancioni, Manuel J.
999 _c5492
_d5492